000 00625nam a22001817a 4500
003 LK-CoMWRAF
005 20231022112926.0
008 231005b1948 |||||||| |||| 00| 0 eng d
040 _aLK-CoMWRAF
_dLK-CoMWRAF
_eLK-CoMWRAF
041 _aeng
082 _a016
_bMOD
245 _aThe modern encyclopedia for children:
_bA companion to school work and out-of-school interests, etc.
260 _aLondon:
_bOdhams,
_c1952
300 _a694 p. col. front., illus. (incl. ports., maps, facsims., music) col. plates, diagrs. 26 cm.
650 _aCHILDREN-Encyclopedias
650 _aEncyclopedias and dictionaries
942 _cBK
999 _c3783
_d3783